| 000 | 01328nam0a22002771 4500 | ||
|---|---|---|---|
| 001 | rc\3431636 | ||
| 005 | 20250609234110.0 | ||
| 021 |
_aRU _b[73-63758] |
||
| 035 | _a(NLR Aleph) 007563019 | ||
| 090 |
_a5322185 _c5322185 |
||
| 100 | _a20130115d1973 |||y0rusy50 ca | ||
| 101 | 0 | _arus | |
| 102 | _aRU | ||
| 105 | _aa z |||a| | ||
| 200 | 1 |
_aДеревня моя деревянная _eСтихи _f[Ил.: Б. Жапаров] |
|
| 210 |
_aАлма-Ата _cЖазушы _d1973 |
||
| 215 |
_a47 с. _cил. _d18 |
||
| 327 | 0 | _aЦиклы: Поверка; Весна проходит через сердце; Деревня моя деревянная; Настоящим чувствам чужды заверения в любви; Голубая ворона; Черный ландыш | |
| 464 | 0 |
_12001#$aПоверка$aВесна проходит через сердце$aДеревня моя деревянная$aНастоящим чувствам чужды заверения в любви$aГолубая ворона$aЧерный ландыш _tЧерный ландыш |
|
| 700 | 1 |
_aГундарев _bВ.Р. _f1944- _gВладимир Романович |
|
| 702 | 1 |
_aЖапаров _bБ. _4440 |
|
| 801 | 0 |
_aRU _bNLR _gpsbo |
|
| 801 | 1 |
_aRU _bELAR _2rusmarc |
|
| 852 |
_aNLR _j73-2/1741 |
||
| 942 | _cBOOK | ||
| 980 | _aNB | ||